MARC

LEADER 00000nam0a2200000 4500
001 338096
005 20231102005021.0
035 |a (RuTPU)RU\TPU\book\364584 
090 |a 338096 
100 |a 20171120d1959 km y0finy50 ca 
101 1 |a rus  |c fre 
102 |a RU 
105 |a a z 001zy 
200 1 |a Конвейеры с резиновой лентой  |e пер. с фр.  |f П. Бьяжи 
210 |a Москва  |c Госгортехиздат  |d 1959 
215 |a 294 с.  |c ил. 
320 |a Справочные таблицы: с. 262-292 
606 1 |a Конвейеры ленточные  |2 stltpush  |3 (RuTPU)RU\TPU\subj\72912  |9 86262 
610 1 |a конструктивные элементы 
610 1 |a производительность 
610 1 |a расчет 
610 1 |a проектирование 
610 1 |a монтаж 
610 1 |a уход 
610 1 |a ремонт 
610 1 |a перегружатели 
610 1 |a экономические расчеты 
675 |a 621.867.2  |v 4 
700 1 |a Бьяжи  |b П. 
801 1 |a RU  |b 63413507  |c 20171120 
801 2 |a RU  |b 63413507  |c 20220525  |g RCR 
942 |c BK